Paroles - Sans elles - Le rouge et le noir - Statistiques

Statistiques générales
  • Ce quiz a été pris 5 fois
  • Le résultat moyen est 161 sur 224
Statistiques - réponses
Réponse % Correct
à
100%
elles
100%
Elles
100%
le
100%
Sans
100%
sans
100%
appétit ?
75%
autour
75%
calmer
75%
ce
75%
ces
75%
Ces
75%
de
75%
De
75%
Est
75%
est
75%
idéaux
75%
les
75%
leur
75%
Leur
75%
ma
75%
me
75%
mes
75%
moi ?
75%
moi
75%
M'ont
75%
peau
75%
poison ?
75%
pour
75%
pris
75%
proie
75%
quand
75%
que
75%
qu'elles
75%
Qu'est
75%
tournent
75%
Tous
75%
tous
75%
un
75%
une
75%
veulent ?
75%
vipères
75%
vont
75%
amour
50%
animal
50%
bien
50%
dans
50%
défient
50%
d'instinct
50%
du
50%
faiblesses
50%
femelles
50%
haut
50%
je
50%
Je
50%
l'air
50%
Laissez
50%
leurre
50%
lois
50%
mal
50%
mettent
50%
m'inoculer
50%
mis
50%
nid
50%
nouveau
50%
peu
50%
plus
50%
prédateur
50%
qu'il
50%
règne
50%
respire
50%
reste
50%
ruse
50%
sauve
50%
seul
50%
seul !
50%
volent
50%
Volent
50%
Aucun quiz correspondant
Distribution des résultats
% des personnes avec chaque résultat
Percentile par nombre de réponses
Votre historique - résultats
Vous n’avez pas pris ce quiz